logo

Bir Sreshtho Munshi Abdur Rouf Library
Jhenaidah Cadet College

Engineering Physical Metallurgy / (Record no. 6793)

MARC details
000 -LEADER
fixed length control field 00546nam a2200217 a 4500
001 - CONTROL NUMBER
JCCL Control Number 6793
003 - CONTROL NUMBER IDENTIFIER
JCCL marc code BD-JhCC
005 - DATE AND TIME OF LATEST TRANSACTION
control field 20180325111152.0
008 - FIXED-LENGTH DATA ELEMENTS--GENERAL INFORMATION
fixed length control field 180130s1968 R a|||| || | 000 0 eng d
035 ## - SYSTEM CONTROL NUMBER
system control number (BD-JhCC)6793
040 ## - CATALOGING SOURCE
Original cataloging agency BD-JhCC
Modifying agency BD-JhCC
041 ## - LANGUAGE CODE
Language code of Book eng
082 ## - DEWEY DECIMAL CLASSIFICATION NUMBER
Classification number 669.9
Author mark and Year LAK 1968
100 ## - MAIN ENTRY--PERSONAL NAME
Personal name Lakhtin, Y.
245 ## - TITLE STATEMENT
Title Engineering Physical Metallurgy /
Statement of responsibility, etc Y. Lakhtin,
260 ## - PUBLICATION, DISTRIBUTION, ETC. (IMPRINT)
Place of publication, distribution, etc Russia :
Name of publisher, distributor, etc Mir Publications,
Date of publication, distribution, etc 1968
300 ## - PHYSICAL DESCRIPTION
Pagination 455 p. :
Dimensions 24 cm.
650 ## - SUBJECT ADDED ENTRY--TOPICAL TERM
Topical term or geographic name as entry element Physical Metallurgy
942 ## - ADDED ENTRY ELEMENTS (KOHA)
Source of classification or shelving scheme Dewey Decimal Classification
Koha item type Books
Holdings
Source of classification or shelving scheme Damaged status Not for loan Home library Current library Shelving location Date of accession Total Checkouts Full call number Barcode Date last seen Copy number Koha item type
Dewey Decimal Classification     JCC Rouf Library JCC Rouf Library General Stacks 01/30/2018   669.9 LAK 1968 7820 01/30/2018 C-1 Books

JCC Library | Contacts | JCC Home

Last Update on 23 September 2017
Copyright @ 2017-2020 JCC Rouf Library
Rouf Library, Jhenidah Cadet College (JCC), Bangladesh